| 000 | 00946nam a2200265Ia 4500 | ||
|---|---|---|---|
| 003 | OSt | ||
| 005 | 20220923211249.0 | ||
| 006 | a|||||r|||| 00| 0 | ||
| 007 | ta | ||
| 008 | 220922b |||||||| |||| 00| 0 pan d | ||
| 020 |
_a9788178562612 _c160 |
||
| 024 | _a260,571 | ||
| 037 |
_b640, 22/03/2012, H.K. Prakashan _cTextual |
||
| 040 |
_aARTS _cARTS _bpan |
||
| 041 |
_2pan _apan |
||
| 082 | _aO153,2N18:g, Q0 | ||
| 100 | _aਬ੍ਰਹਮਜਗਦੀF ਸਿੰਘ | ||
| 245 | 0 |
_aਬਲਵੰਤ ਗਾਰਗੀ _b ਨਾਟਕ ਰਚਨਾ |
|
| 260 |
_aਅੰਮ੍ਰਿਤਸਰ _b ਵਾਰਿਸ Fਾਹ ਖ਼ਾਊ੍ਵਡੇFਨ _c2010 |
||
| 300 |
_a128ਪੰ _ccm. |
||
| 650 | _a ਪੰਜਾਬੀ ਨਾਟਕ | ||
| 650 | _aਪੰਜਾਬੀ ਸਾਹਿਤ | ||
| 942 |
_hO153,2N18:g, Q0 _cTEXL _2CC |
||
| 999 |
_c297896 _d297896 |
||